00765nam a2200241 a 4500001001300000003000900013005001700022008004100039020001000080082001600090100002700106245007000133260004800203300000900251500003500260505002800295650002200323700002700345902000800372942000700380952011900387999001700506nice12345678IN_TiNIC20260116015108.0050524s1999 hyda grp 000 0 eng  ac10000a297.63bBAL aAl-Balagh Foundation,  aGlimpses of the Lives of the Messenger Muhammad and His Household aHyderabadbAlbalagh Foundation Tehranc1999 a303p aincludes index and biblioraphy2 aLWF Documentation No.41 aMuhammad, Prophet1 aAl-Balagh Foundation,  bSRS cBK 001040708StackRoom-aHMIbHMId2007-07-09g100.00l0o297.63 BALp11000872r2007-07-09v100.00w2005-05-24yBK c18299d18299